000 00350nam a2200157Ia 4500
100 _aShah/S/ Shah/Vaishali
650 _aJSP
942 _cBK
366 _f20
245 _aJava server pages: Projects for beginners
260 _bShroff Publishers
_c2008
082 _a5.133
_bSHA
300 _a662
546 _aENGLISH
_cComputers
999 _c34630
_d34630